Ganjīnah-ʼi laṭāyif, (Record no. 50472)

MARC details
000 -LEADER
fixed length control field 00725cam a22002411 4500
001 - CONTROL NUMBER
control field ne 68002217
003 - CONTROL NUMBER IDENTIFIER
control field DLC
005 - DATE AND TIME OF LATEST TRANSACTION
control field 20260227111843.0
008 - FIXED-LENGTH DATA ELEMENTS--GENERAL INFORMATION
fixed length control field 820901s1968 ir 000 0 pero
010 ## - LIBRARY OF CONGRESS CONTROL NUMBER
LC control number ne 68002217
035 ## - SYSTEM CONTROL NUMBER
System control number (OCoLC)8739311
040 ## - CATALOGING SOURCE
Original cataloging agency DLC
Transcribing agency WaU
Modifying agency DLC
042 ## - AUTHENTICATION CODE
Authentication code premarc
043 ## - GEOGRAPHIC AREA CODE
Geographic area code a-ir---
050 00 - LIBRARY OF CONGRESS CALL NUMBER
Classification number PN6267.P4
Item number T35
100 1# - MAIN ENTRY--PERSONAL NAME
Personal name Tasbīḥī, Muḥammad Ḥusayn,
Relator term comp.
245 10 - TITLE STATEMENT
Title Ganjīnah-ʼi laṭāyif,
Statement of responsibility, etc. bi-kūshish va bā muqaddamah-ʼi Muḥammad Ḥusayn Tasbīḥī.
260 ## - PUBLICATION, DISTRIBUTION, ETC.
Place of publication, distribution, etc. [Tihrān]
Name of publisher, distributor, etc. Muʼassasah-i Intishārāt-i Bunyād,
Date of publication, distribution, etc. [1968]
300 ## - PHYSICAL DESCRIPTION
Extent 527 p. ;
Dimensions 24 cm.
500 ## - GENERAL NOTE
General note "Girdāvarandah M. Fardād"
650 #0 - SUBJECT ADDED ENTRY--TOPICAL TERM
Topical term or geographic name entry element Anecdotes
Geographic subdivision Iran.
700 1# - ADDED ENTRY--PERSONAL NAME
Personal name Fardād, M.

No items available.

Powered by Koha